| 000 | 00409nam a2200157Ia 4500 | ||
|---|---|---|---|
| 008 | 210719s1878 xx 000 0 und d | ||
| 041 | _aeng | ||
| 082 | _a822.33D FLES | ||
| 100 | _aFLEAY (F G) | ||
| 245 | _aShakespeare manual | ||
| 260 |
_aLondon _bMacmillan & Co. Ltd. _c1878 |
||
| 300 |
_axxiii,312 _bHB |
||
| 650 | _aEnglish Criticism | ||
| 650 | _aEnglish Literature | ||
| 906 | _amanual ; Shakespeare | ||
| 999 |
_c214318 _d214318 |
||